World Development Report 2004: making services work for poor people: overview (Record no. 83232)
[ view plain ]
| 000 -LEADER | |
|---|---|
| fixed length control field | 00866nam a2200181 a 4500 |
| 008 - FIXED-LENGTH DATA ELEMENTS--GENERAL INFORMATION | |
| fixed length control field | 140423s2003 ||||||||||||||||| || u |
| 020 ## - INTERNATIONAL STANDARD BOOK NUMBER | |
| International Standard Book Number | 0821356372 |
| 050 ## - LIBRARY OF CONGRESS CALL NUMBER | |
| Classification number | IBRD(058)WDR/ES/2004 |
| 110 ## - MAIN ENTRY--CORPORATE NAME | |
| Corporate name or jurisdiction name as entry element | World Bank |
| 245 10 - TITLE STATEMENT | |
| Title | World Development Report 2004: making services work for poor people: overview |
| Statement of responsibility, etc. | World Bank |
| 260 ## - PUBLICATION, DISTRIBUTION, ETC. | |
| Place of publication, distribution, etc. | Washington, D.C. |
| Name of publisher, distributor, etc. | World Bank |
| Date of publication, distribution, etc. | 2003 |
| 300 ## - PHYSICAL DESCRIPTION | |
| Extent | iv, 26p.: ill. |
| 650 #0 - SUBJECT ADDED ENTRY--TOPICAL TERM | |
| Topical term or geographic name entry element | DEVELOPING COUNTRIES--SOCIAL POLICY |
| 650 #0 - SUBJECT ADDED ENTRY--TOPICAL TERM | |
| Topical term or geographic name entry element | ECONOMIC DEVELOPMENT--AFRICA, SUB-SAHARAN |
| 650 ## - SUBJECT ADDED ENTRY--TOPICAL TERM | |
| Topical term or geographic name entry element | POOR--DEVELOPING COUNTRIES |
| 995 ## - | |
| -- | SPECIAL COLLECTIONS |
| -- | 48464 |
| -- | CBU-MAIN LIBRARY (Kitwe) |
| -- | IBRD(058)WDR/ES/2004B |
| -- | 2 |
| -- | AVAILABLE |
| -- | Apr 23, 2014 |
| -- | 48464 |
| -- | International Publications |
| 995 ## - | |
| -- | SPECIAL COLLECTIONS |
| -- | 9780821356371 |
| -- | CBU-MAIN LIBRARY (Kitwe) |
| -- | IBRD(058)WDR/ES/2004A |
| -- | 1 |
| -- | AVAILABLE |
| -- | Apr 23, 2014 |
| -- | 9780821356371 |
| -- | International Publications |
| 999 ## - | |
| -- | 83232 |
| -- | 83232 |
| Withdrawn status | Lost status | Source of classification or shelving scheme | Damaged status | Not for loan | Permanent Location | Current Location | Shelving location | Date acquired | Total Checkouts | Full call number | Barcode | Date last seen | Copy number | Price effective from | Koha item type |
|---|---|---|---|---|---|---|---|---|---|---|---|---|---|---|---|
| CBU-MAIN LIBRARY, KITWE. | CBU-MAIN LIBRARY, KITWE. | 10/25/2023 | IBRD(058)WDR/ES/2004B | 48464 | 10/25/2023 | 1 | 10/25/2023 | SPECIAL COLLECTION | |||||||
| CBU-MAIN LIBRARY, KITWE. | CBU-MAIN LIBRARY, KITWE. | 10/25/2023 | IBRD(058)WDR/ES/2004A | 9780821356371 | 10/25/2023 | 2 | 10/25/2023 | SPECIAL COLLECTION |